[Event "Prague op 22nd"]
[Site "Prague"]
[Date "2024.01.08"]
[Round "5"]
[White "Koridze, Lile"]
[Black "Bech, Havard Eriksen"]
[Result "1-0"]
[WhiteElo "2152"]
[BlackElo "1955"]
[PlyCount "91"]
[EventDate "2024.01.05"]
[EventType "swiss"]
[EventRounds "9"]
[EventCountry "CZE"]
[SourceTitle "CB03_2024"]
[SourceDate "2024.01.17"]
[SourceVersion "1"]
[SourceVersionDate "2024.01.17"]
[SourceQuality "1"]

1. d4 d5 2. c4 c6 3. Nf3 Nf6 4. e3 e6 5. Nbd2 Nbd7 6. Bd3 Bd6 7. 0-0 0-0 8. e4 e5 9. cxd5 cxd5 10. exd5 exd4 11. Nb3 Nb6 12. Nbxd4 Nbxd5 13. Bg5 h6 14. Bh4 Bg4 15. Bf5 Bxf5 16. Nxf5 Bc5 17. Ne5 Qb6 18. Qf3 Rfe8 19. Rae1 Bf8 20. Qg3 g6 21. Nc4 Qb4 22. Rc1 Ne4 23. Qg4 h5 24. Qd1 Ndc3 25. bxc3 Qxc4 26. Ne3 Qc6 27. Qd5 Qxd5 28. Nxd5 g5 29. Rfe1 Bg7 30. Nc7 Bxc3 31. Re2 Bd4 32. Nxe8 Rxe8 33. Bxg5 Bxf2+ 34. Rxf2 Nxg5 35. Rf5 Ne4 36. Rxh5 Kg7 37. Rd5 Nf6 38. Rf5 Re7 39. Rcf1 Nd7 40. h4 Ne5 41. Rg5+ Kh6 42. Rf6+ Kh7 43. Rff5 Nc6 44. Rh5+ Kg7 45. Rfg5+ Kf6 46. Rh6# 1-0

[Event "Prague op 22nd"]
[Site "Prague"]
[Date "2024.01.06"]
[Round "2"]
[White "Bech, Havard Eriksen"]
[Black "Grave, Jacob Templen"]
[Result "0-1"]
[WhiteElo "1955"]
[BlackElo "2296"]
[PlyCount "72"]
[EventDate "2024.01.05"]
[EventType "swiss"]
[EventRounds "9"]
[EventCountry "CZE"]
[SourceTitle "CB03_2024"]
[SourceDate "2024.01.17"]
[SourceVersion "1"]
[SourceVersionDate "2024.01.17"]
[SourceQuality "1"]

1. c4 e6 2. g3 d5 3. Bg2 Nf6 4. Nf3 dxc4 5. Qa4+ Nbd7 6. Qxc4 a6 7. d4 b5 8. Qc6 Rb8 9. Bf4 Nd5 10. Bg5 Be7 11. Bxe7 Qxe7 12. 0-0 Bb7 13. Qc2 c5 14. Nc3 Nxc3 15. Qxc3 c4 16. a4 0-0 17. axb5 axb5 18. Ra7 Qd6 19. Ne5 Nxe5 20. dxe5 Qb6 21. Rxb7 Rxb7 22. Bxb7 Qxb7 23. Rd1 Qe4 24. e3 h5 25. h4 Ra8 26. Kh2 Qf3 27. Qe1 g6 28. Rd4 Ra2 29. Rf4 Qd5 30. Qb1 Qa8 31. Qc2 Ra1 32. Re4 Qd5 33. f3 Qd1 34. Qxd1 Rxd1 35. Rd4 Rxd4 36. exd4 b4 0-1

[Event "Tromsoe Sept op"]
[Site "Tromsoe"]
[Date "2023.09.01"]
[Round "5"]
[White "Remman, Frank"]
[Black "Bech, Havard Eriksen"]
[Result "0-1"]
[WhiteElo "1770"]
[BlackElo "1888"]
[PlyCount "89"]
[EventDate "2023.09.01"]
[EventType "swiss"]
[EventRounds "5"]
[EventCountry "NOR"]
[SourceTitle "EXT 2024"]
[Source "ChessBase"]
[SourceDate "2023.10.10"]
[SourceVersion "1"]
[SourceVersionDate "2023.10.10"]
[SourceQuality "1"]

1. d4 d5 2. c4 c6 3. g3 Nf6 4. Bg2 Bf5 5. Nf3 e6 6. 0-0 Nbd7 7. Nbd2 h6 8. Qb3 Qb6 9. c5 Qxb3 10. axb3 Be7 11. b4 0-0 12. Nb3 b6 13. Ra3 a5 14. Bd2 axb4 15. Bxb4 bxc5 16. Bxc5 Nxc5 17. Nxc5 Rxa3 18. bxa3 Bxc5 19. dxc5 Ra8 20. Ne5 Ra6 21. Rc1 Ne8 22. e3 f6 23. Bf1 Rxa3 24. Nxc6 Kf7 25. Nd4 Bd3 26. Bxd3 Rxd3 27. Rb1 e5 28. Rb7+ Kg6 29. Ne6 Ra3 30. g4 f5 31. gxf5+ Kxf5 32. Nxg7+ Nxg7 33. Rxg7 Rc3 34. Rh7 Rxc5 35. Rxh6 Ke4 36. Kg2 d4 37. exd4 exd4 38. Rh4+ Kd3 39. Rh8 Kc2 40. Ra8 d3 41. Ra2+ Kb3 42. Rd2 Kc3 43. Rd1 Kc2 44. Ra1 d2 45. Ra2+ 0-1

[Event "NOR-chB"]
[Site "Oslo"]
[Date "2023.07.06"]
[Round "7"]
[White "Bech, Havard Eriksen"]
[Black "Tollefsen, Jacob"]
[Result "1/2-1/2"]
[WhiteElo "1888"]
[BlackElo "1809"]
[PlyCount "36"]
[EventDate "2023.06.30"]
[EventType "swiss"]
[EventRounds "9"]
[EventCountry "NOR"]
[SourceTitle "EXT 2024"]
[Source "ChessBase"]
[SourceDate "2023.10.10"]
[SourceVersion "1"]
[SourceVersionDate "2023.10.10"]
[SourceQuality "1"]

1. c4 c5 2. Nc3 Nc6 3. g3 g6 4. Bg2 Bg7 5. Nf3 d6 6. 0-0 Bf5 7. d3 Qd7 8. Nd5 e5 9. Bd2 Nge7 10. e4 Bg4 11. h3 Bxf3 12. Bxf3 Nxd5 13. cxd5 Nd4 14. Bg2 0-0 15. Bc3 Rac8 16. Bxd4 cxd4 17. Qb3 Qc7 18. Qa3 Qc5 1/2-1/2

[Event "NOR-chB"]
[Site "Oslo"]
[Date "2023.07.03"]
[Round "3"]
[White "Bech, Havard Eriksen"]
[Black "Kierulf, Villum Brevick"]
[Result "0-1"]
[WhiteElo "1888"]
[BlackElo "1818"]
[PlyCount "70"]
[EventDate "2023.06.30"]
[EventType "swiss"]
[EventRounds "9"]
[EventCountry "NOR"]
[SourceTitle "EXT 2024"]
[Source "ChessBase"]
[SourceDate "2023.10.10"]
[SourceVersion "1"]
[SourceVersionDate "2023.10.10"]
[SourceQuality "1"]

1. c4 e5 2. Nc3 Bb4 3. Nd5 Bc5 4. Nf3 c6 5. Nc3 d6 6. d4 exd4 7. Nxd4 Bg4 8. Nb3 Bb4 9. Qd4 Nf6 10. Bg5 Nbd7 11. 0-0-0 Qb6 12. a3 Bxc3 13. Qxc3 d5 14. c5 Qc7 15. Qe3+ Qe5 16. f3 Qxe3+ 17. Bxe3 Be6 18. Kb1 0-0-0 19. Rd4 Bf5+ 20. Ka1 Rhe8 21. Bf4 Bc2 22. Na5 Nxc5 23. Rb4 Re6 24. g3 Nfd7 25. Bh3 f5 26. Rc1 Rxe2 27. Rxc2 Rxc2 28. Bxf5 Rxh2 29. Nxc6 Re8 30. Nxa7+ Kd8 31. Bg5+ Nf6 32. Rb5 Re1+ 33. Ka2 b6 34. Rxb6 Rhh1 35. b4 Re2+ 0-1

[Event "NOR-chB"]
[Site "Oslo"]
[Date "2023.07.01"]
[Round "1"]
[White "Bech, Havard Eriksen"]
[Black "Selvik, Elma"]
[Result "1-0"]
[WhiteElo "1888"]
[BlackElo "1531"]
[PlyCount "63"]
[EventDate "2023.06.30"]
[EventType "swiss"]
[EventRounds "9"]
[EventCountry "NOR"]
[SourceTitle "EXT 2024"]
[Source "ChessBase"]
[SourceDate "2023.10.10"]
[SourceVersion "1"]
[SourceVersionDate "2023.10.10"]
[SourceQuality "1"]

1. d4 d5 2. c4 c6 3. Nc3 Nf6 4. e3 e6 5. Nf3 Nbd7 6. Bd3 dxc4 7. Bxc4 Be7 8. 0-0 0-0 9. e4 b5 10. Bd3 Bb7 11. Qc2 h6 12. Rd1 Rc8 13. Qe2 b4 14. Na4 Qa5 15. Bc2 c5 16. e5 Ba6 17. Qe1 Nd5 18. Qe4 g6 19. Bxh6 Rfe8 20. Qg4 Bf8 21. Bxf8 Kxf8 22. Ng5 Kg7 23. Nxf7 Kxf7 24. Bxg6+ Ke7 25. Qg5+ Kf8 26. Nxc5 Nxc5 27. dxc5 Re7 28. Rxd5 Rg7 29. Qf6+ Kg8 30. Qxe6+ Kh8 31. Rd4 Rf8 32. Rh4+ 1-0